| 000 | 00914nam a22001935i 4500 | ||
|---|---|---|---|
| 001 | 167733 | ||
| 003 | ES-MaACL | ||
| 005 | 20250929063249.0 | ||
| 008 | 980708s1852 fr |||| | fre d | ||
| 040 |
_aCYL _bspa _cCYL |
||
| 100 | 1 |
_aVivien, Alexandre François Auguste, _d1799-1854 _9133807 |
|
| 245 | 1 | 0 |
_aÉtudes administratives / _cpar M. Vivien. |
| 250 | _aDeuxième édition entièrement refondue, et considérablement augmentée. | ||
| 260 |
_aParis : _bGuillaumin et Cie., Libraires-Editeurs, _c1852 ( _eA Saint Germain en Laye : _fImprimerie de Beau) |
||
| 300 |
_a2 vol. (XV-356, 428 p.) ; _c18 cm. |
||
| 505 | 8 | _aContiene: Tome premier, Première partie : Organisation et principes généraux de l'administration. -- Tome second, Deuxième partie : Branches spéciales de l'administration | |
| 852 |
_aES-MaACL _jD-3046-47 _z-- Enc. hol. _q-- Son los T. I y II |
||
| 999 |
_c167733 _d167733 |
||